| 000 | 00394nam a22001577a 4500 | ||
|---|---|---|---|
| 005 | 20230831114009.0 | ||
| 008 | 230831b ||||| |||| 00| 0 eng d | ||
| 040 | _cAL | ||
| 041 | _aeng | ||
| 082 |
_223 _a621.381 _bBAST |
||
| 100 |
_aBadavaraj B _9131909 |
||
| 245 | _aText Book of Electronics II PUC | ||
| 650 |
_aElectronics _9131910 |
||
| 700 |
_aBASAVARAJ (B) _9131911 |
||
| 942 |
_2ddc _cBK |
||
| 999 |
_c228585 _d228585 |
||